تحميل...

Manipravaala kavitha

التفاصيل البيبلوغرافية
المؤلف الرئيسي: Velayudhan Pilla, P V
التنسيق: Printed Book
منشور في: Thiruvananthapuram, Kerala Bhasha Institute 1989
الطبعة:Ed.2
LEADER 004320000a22001330004500
040 |a MAL 
082 |a A1 009 M22 
100 |a Velayudhan Pilla, P V 
245 |a Manipravaala kavitha 
250 |a Ed.2 
260 |a Thiruvananthapuram, Kerala Bhasha Institute 
260 |c 1989 
999 |c 20695  |d 20695 
952 |0 0  |1 0  |4 0  |6 A_1_009000000000000_M22  |7 0  |8 MAL  |9 20510  |a MGUL  |b MGUL  |d 2013-07-16  |l 3  |m 2  |o A1 009 M22  |p 14977  |r 2020-06-10  |s 2020-01-22  |w 2013-07-16  |y BK